| 000 -УДИРДЛАГА |
| Удирдлага |
02786 a2200517 4500 |
| 003 - ХЯНАЛТЫН ТОО ТОДОРХОЙЛОГЧ |
| Код |
MN-UlNUM |
| 005 - БИЧИЛТ ХИЙСЭН ОГНОО |
| Тухайн бичилтийг бичсэн засварласан сүүлийн огноо |
20260106204803.0 |
| 008 - ЕРӨНХИЙ МЭДЭЭЛЭЛ |
| Ерөнхий мэдээлэл |
110605s2007 mauab b 001 0 eng |
| 020 ## - ISBN |
| ISBN |
9780072969436 |
| -- |
0072969431 |
| 040 ## - БИЧЛЭГ ҮҮСГЭГЧ БАЙГУУЛЛАГА |
| Бичлэг үүсгэгч номын сангийн код |
МУИС-ийн номын сан |
| 084 ## - ББК АНГИЛАЛ |
| Нэмэлт тусгалт |
Гарын авлага |
| ББК ангилал |
65.290-2 |
| Зохиогчийн гурван тэмдэгт |
T 46 |
| Мэдлэгийн ялгаа |
65 - Эдийн засаг |
| 100 1# - ЗОХИОГЧ |
| Зохиогчийн нэр |
Thompson, Arthur A. |
| Зохиогчийн огноо |
1940- |
| 245 10 - ҮНДСЭН ГАРЧИГ |
| Номын нэр |
Crafting and executing strategy |
| Бага гарчгийн мэдээ |
The quest for competitive advantage : Concepts and cases |
| Оролцогчдын тухай мэдээ |
Arthur A. Thompson, Jr., A.J. Strickland III, John E. Gamble |
| 250 ## - ДАХИН ХЭВЛЭЛТ |
| Дахин гаралтын дугаар |
15th ed. |
| 260 ## - ГАРАЛТЫН МЭДЭЭ |
| Хэвлэгдсэн газар |
Boston |
| Хэвлэлийн газар |
McGraw-Hill/Irwin |
| Хэвлэгдсэн он |
2007 |
| 300 ## - МАТЕРИАЛЫН ТОДОРХОЙЛОЛТ |
| хуудасны тоо |
1 v. (various pagings) |
| Бусад тоон мэдээлэл |
col. ill., col. maps |
| Хэмжээ |
27 cm |
| 500 ## - Тайлбар |
| Дансны дугаар |
БС 6078 |
| 505 ## - Агуулгын тэмдэглэгээ |
| Агуулгын тэмдэглэгээ |
Crafting and Executing Strategy has been revised and updated specifically with its European readers in mind. Building upon the success of previous editions, it continues to explain the core concepts and key theories in strategy and illustrate them with practical, managerial examples students can really relate to. Brand new features have been developed to encourage readers to go beyond learning and to apply their knowledge to from a diverse range of real-life scenarios including global brands, SMEs, public sector and not-for-profit organizations. |
| 546 ## - ХЭЛНИЙ ТУХАЙ МЭДЭЭ |
| Хэл |
Англи хэл дээр, |
| 653 ## - Түлхүүр үг |
| Түлхүүр үг |
strategic planning |
| 653 ## - Түлхүүр үг |
| Түлхүүр үг |
strategic management |
| 653 ## - Түлхүүр үг |
| Түлхүүр үг |
management |
| 700 1# - ХАМ ЗОХИОГЧИД |
| Ба бус |
Strickland, A. J. |
| Fuller form of name |
(Alonzo J.) |
| 700 1# - ХАМ ЗОХИОГЧИД |
| Ба бус |
Gamble, John |
| Fuller form of name |
(John E.) |
| 740 ## - НОМЫН ГАРЧИГ |
| Гарчиг |
Concepts and Techniques for Crafting and Executing Strategy |
| 740 ## - НОМЫН ГАРЧИГ |
| Гарчиг |
What Is Strategy and Why Is It Important? |
| 740 ## - НОМЫН ГАРЧИГ |
| Гарчиг |
The Managerial Process of Crafting and Executing Strategy |
| 740 ## - НОМЫН ГАРЧИГ |
| Гарчиг |
Analyzing a Company's External Environment |
| 740 ## - НОМЫН ГАРЧИГ |
| Гарчиг |
Analyzing a Company's Resources and Competitive Position |
| 740 ## - НОМЫН ГАРЧИГ |
| Гарчиг |
The Five Generic Competitive Strategies: Which One to Employ? |
| 740 ## - НОМЫН ГАРЧИГ |
| Гарчиг |
Beyond Competitive Strategy: Other Important Strategy Choices |
| 740 ## - НОМЫН ГАРЧИГ |
| Гарчиг |
Competing in Foreign Markets |
| 740 ## - НОМЫН ГАРЧИГ |
| Гарчиг |
Tailoring Strategy to Fit Specific Industry and Company Situations |
| 740 ## - НОМЫН ГАРЧИГ |
| Гарчиг |
Diversification: Strategies for Managing a Group of Businesses |
| 740 ## - НОМЫН ГАРЧИГ |
| Гарчиг |
Strategy, Ethics, and Social Responsibility |
| 740 ## - НОМЫН ГАРЧИГ |
| Гарчиг |
Building Resource Strengths and Organizational Capabilities |
| 740 ## - НОМЫН ГАРЧИГ |
| Гарчиг |
Managing Internal Operations: Actions That Promote Better Strategy Execution |
| 740 ## - НОМЫН ГАРЧИГ |
| Гарчиг |
Corporate Culture and Leadership: Keys to Good Strategy Execution |
| 740 ## - НОМЫН ГАРЧИГ |
| Гарчиг |
Cases in Crafting and Executing Strategy |
| 740 ## - НОМЫН ГАРЧИГ |
| Гарчиг |
Crafting Strategy in Single-Business Companies |
| 740 ## - НОМЫН ГАРЧИГ |
| Гарчиг |
Crafting Strategy in Diversified Companies |
| 740 ## - НОМЫН ГАРЧИГ |
| Гарчиг |
Executing Strategy and Strategic Leadership |
| 740 ## - НОМЫН ГАРЧИГ |
| Гарчиг |
Strategy, Ethics, and Social Responsibility |
| 942 ## - ЭЛЕМЕНТИЙН ТӨРӨЛ |
| Зүйлийн төрөл |
Ном |